000 00729nam a2200217Ii 4500
003 JO-AjNU
008 230605s9999||||xx |||||||||||||| ||und||
017 _a2006/8/3068
040 _aJO-AjNU
_bara
_erda
_cJO-AjNU
041 _aara
050 1 4 _aPJ6065.N45 2007
100 3 _aتاليف النجار، فخري خليل,
_eauthor
_924299
245 0 0 _aاللغة العربية: مهارات لغوية وتذوق الأدب العربي
250 _aط1
264 3 1 _aعمان: دار صفاء، 2006
300 _a208ص
336 _atext
_btxt
_2rdacontent
337 _aunmediated
_bn
_2rdamedia
338 _avolume
_bnc
_2rdacarrier
650 4 _aاللغة العربية- الادب العربي-اللغة
_924300
999 _aA8926
_c12494
_d12494